000 00859cab a2200265 4500
001 WB2928-56
008 090401t1993 xxu||||| |||| 00| 0 eng d
035 _a(Sirsi) u3660
041 _aeng
100 _aParkes, Libby
245 _aNRA sets up water protection zones
260 _c1993
350 _a0
490 _aCSW - The Property Week
_v44(4) 22 July 1993, 56(1)
520 _aAs part of its Source Protection Zones policy, the National Rivers Authority will publish detailed maps over the next three years identifying 100,000 points at which ground water can be abstracted.
650 _aCONTAMINATED LAND
650 _aGROUNDWATER
650 _aNATIONAL RIVERS AUTHORITY
650 _aSOURCE PROTECTION ZONES
650 _aWATER ABSTRACTION
650 _aWATER CONSERVATION
690 _aWATER
942 _n0
948 _c04/03/1997
999 _c2248
_d2248